<?xml version="1.0" encoding="UTF-8"?>
<record
    xmlns:xsi="http://www.w3.org/2001/XMLSchema-instance"
    xsi:schemaLocation="http://www.loc.gov/MARC21/slim http://www.loc.gov/standards/marcxml/schema/MARC21slim.xsd"
    xmlns="http://www.loc.gov/MARC21/slim">

  <leader>00754nam a22001937a 4500</leader>
  <controlfield tag="001">10028</controlfield>
  <controlfield tag="003">FISKH</controlfield>
  <controlfield tag="005">20260401101700.0</controlfield>
  <controlfield tag="008">260331b        cb ||||| |||| 00| 0 eng d</controlfield>
  <datafield tag="020" ind1=" " ind2=" ">
    <subfield code="a">9787512212633</subfield>
  </datafield>
  <datafield tag="040" ind1=" " ind2=" ">
    <subfield code="a">FISKH</subfield>
    <subfield code="b">chi</subfield>
    <subfield code="c">FISKH</subfield>
    <subfield code="d">FISKH</subfield>
  </datafield>
  <datafield tag="082" ind1=" " ind2=" ">
    <subfield code="a">649.1</subfield>
  </datafield>
  <datafield tag="100" ind1=" " ind2=" ">
    <subfield code="a">&#x6768;&#x5EFA;&#x5CF0;</subfield>
  </datafield>
  <datafield tag="245" ind1=" " ind2=" ">
    <subfield code="a"> &#x597D;&#x5988;&#x5988;&#x80DC;&#x8FC7;&#x597D;&#x8001;&#x5E08; /</subfield>
    <subfield code="c">&#x6768;&#x5EFA;&#x5CF0;</subfield>
  </datafield>
  <datafield tag="300" ind1=" " ind2=" ">
    <subfield code="a">182 pages : </subfield>
    <subfield code="b">illustrations ;</subfield>
    <subfield code="c">21 cm . </subfield>
  </datafield>
  <datafield tag="520" ind1=" " ind2=" ">
    <subfield code="a">&#x672C;&#x4E66;&#x56F4;&#x7ED5;&#x5BB6;&#x5EAD;&#x6559;&#x80B2;&#x5C55;&#x5F00;&#xFF0C;&#x5F3A;&#x8C03;&#x201C;&#x597D;&#x5988;&#x5988;&#x80DC;&#x8FC7;&#x597D;&#x8001;&#x5E08;&#x201D;&#x7684;&#x7406;&#x5FF5;&#x3002;&#x901A;&#x8FC7;&#x751F;&#x6D3B;&#x4E2D;&#x7684;&#x6559;&#x80B2;&#x5B9E;&#x4F8B;&#xFF0C;&#x8BB2;&#x8FF0;&#x7236;&#x6BCD;&#x5982;&#x4F55;&#x5728;&#x65E5;&#x5E38;&#x76F8;&#x5904;&#x4E2D;&#x5F71;&#x54CD;&#x5B69;&#x5B50;&#xFF0C;&#x57F9;&#x517B;&#x826F;&#x597D;&#x7684;&#x4E60;&#x60EF;&#x4E0E;&#x54C1;&#x683C;&#x3002;&#x4E66;&#x4E2D;&#x63D0;&#x5021;&#x5C0A;&#x91CD;&#x5B69;&#x5B50;&#x3001;&#x6709;&#x6548;&#x6C9F;&#x901A;&#x548C;&#x6B63;&#x9762;&#x5F15;&#x5BFC;&#xFF0C;&#x5E2E;&#x52A9;&#x5B69;&#x5B50;&#x5065;&#x5EB7;&#x6210;&#x957F;&#x3002;</subfield>
  </datafield>
  <datafield tag="942" ind1=" " ind2=" ">
    <subfield code="2">ddc</subfield>
    <subfield code="c">BOOK</subfield>
    <subfield code="n">0</subfield>
  </datafield>
  <datafield tag="999" ind1=" " ind2=" ">
    <subfield code="c">10028</subfield>
    <subfield code="d">10028</subfield>
  </datafield>
  <datafield tag="952" ind1=" " ind2=" ">
    <subfield code="0">0</subfield>
    <subfield code="1">0</subfield>
    <subfield code="2">ddc</subfield>
    <subfield code="4">0</subfield>
    <subfield code="7">0</subfield>
    <subfield code="8">REF</subfield>
    <subfield code="a">002</subfield>
    <subfield code="b">002</subfield>
    <subfield code="c">LSHTTP</subfield>
    <subfield code="d">2026-03-31</subfield>
    <subfield code="l">0</subfield>
    <subfield code="o">&#x6768;&#x5EFA;&#x5CF0; 649.1</subfield>
    <subfield code="p">2026-0410</subfield>
    <subfield code="r">2026-03-31 08:52:31</subfield>
    <subfield code="w">2026-03-31</subfield>
    <subfield code="y">BK</subfield>
  </datafield>
</record>
